| 000 | 00780cam a22002771 4500 | ||
|---|---|---|---|
| 001 | 10638 | ||
| 003 | BD-RjUL | ||
| 005 | 20211208235005.0 | ||
| 008 | 140125r19551953- a 001 0 eng | ||
| 035 | _a(BD-RjUL)10686 | ||
| 035 | _a(OCoLC)1598505 | ||
| 040 |
_aDLC _cFM _dOTMC _dUk _dDLC _dBD-RjUL _beng |
||
| 041 | _aeng | ||
| 082 |
_a540 _bBOF |
||
| 100 | 1 |
_aBogert, L. Jean, _d1888- _q(Lotta Jean) _932890 |
|
| 245 | 0 | 0 |
_aFundamentals of chemistry / _cL. Jean Bogert. |
| 250 | _a7th ed. | ||
| 260 |
_aPhiladelphia : _bSaunders, _cc1953 [Reprinted 1955]. |
||
| 300 |
_axx, 648 p. : _billus. ; _c21 cm. |
||
| 504 | _aIncludes index. | ||
| 650 | 0 |
_aChemistry. _932891 |
|
| 650 | 0 |
_aBiochemistry. _929589 |
|
| 942 |
_2ddc _cBK |
||
| 999 |
_c10638 _d10638 |
||